000 00684nam a2200253 i 4500
001 C2-0168355
003 PPAK
005 20180728090807.0
008 980716s1994 enka|||| ||||| | eng d
020 _a0431074348
040 _aPPAK
_beng
_cPPAK
_erda
082 0 4 _a796.334
_2 23
090 0 0 _a796.334
_bMAR
_dR
100 1 _aMarshall, David,
_eauthor
245 1 0 _aFootball
264 1 _aOxford :
_bHeinemann ,
_c1994
300 _a30 pages :
_bcolour illustrations ;
_c26 cm
336 _2rdacontent
_atext
337 _2rdamedia
_aunmediated
338 _2rdacarrier
_avolume
490 1 _aSuccesful sports series
830 0 _aSuccesful sports series
942 _ddc
_cB
999 _c152510
_d152510